000 00365nam a2200145Ia 4500
008 230917s9999||||xx |||||||||||||| ||und||
040 _e112721
_aMAIN
041 _aEnglish
082 _a621.4022 G 346 H
100 _aGhoshtastider, P S
245 0 _aHeat transfer
260 _aNew Delhi
_bOxford University Press
_c2005
300 _axiv, 637 p.
942 _cBK
999 _c140769
_d140769